| 000 | 00672nam a2200193 a 4500 | ||
|---|---|---|---|
| 001 | 5236 | ||
| 003 | CDMR | ||
| 005 | 20131015124909.0 | ||
| 008 | 130130s1982||||||||||||||||||||||||||||d | ||
| 020 | _a8432304514 | ||
| 040 |
_aCDMR _bcat _cCPC GIRONA |
||
| 245 | 0 |
_aMetodología de la historia de la prensa española _cper Bernard Barrère... [et al.] |
|
| 260 |
_aMadrid _bSiglo XXI _c1982 |
||
| 300 | _a331 p. | ||
| 490 | 0 | _aHistoria (Siglo XXI) | |
| 500 | _aTreballs presentats al seminario de Metodología de la Historia de la Prensa Española celebrat a la Universidad de Pau al mes de novembre de 1979 | ||
| 650 | 0 | 4 |
_93729 _aPremsa _xHistòria _zEspanya |
| 942 |
_cMON _2udc |
||
| 999 |
_c5236 _d5236 |
||